| 000 | 00889nam a2200205 i 4500 | ||
|---|---|---|---|
| 001 | 130487 | ||
| 003 | ES-MaACL | ||
| 005 | 20250815112602.0 | ||
| 007 | t| | ||
| 008 | 070730s1971 sp ||||1| spa d | ||
| 100 | 1 |
_aZapatero Ballesteros, Faustino. _9118011 |
|
| 245 | 1 | 0 |
_aSolemne sesión inaugural del curso académico, celebrada el... de 1971 _b: memoria de la Real Academia de Medicina y Cirugía correspondiente al año 1970 / _cFaustino Zapatero Ballesteros ; Discurso inaugural : Los agentes quelantes en medicina y bioquímica / por José Mª Recio Pascual. |
| 260 |
_aValladolid : _bServer-Cuesta, _c[1971] |
||
| 300 |
_a90 p. ; _c24 cm. |
||
| 650 | 1 | 7 |
_aBioquímica _2embne _9136796 |
| 700 | 1 |
_aRecio Pascual, José María. _995771 |
|
| 710 | 2 |
_aReal Academia de Medicina y Cirugía de Valladolid. _96330 |
|
| 852 |
_aES-MaACL _jC-44042 _bR.76627 |
||
| 999 |
_c130487 _d130487 |
||